| 000 | 00342nam a2200133Ia 4500 | ||
|---|---|---|---|
| 008 | 240624s9999 xx 000 0 und d | ||
| 041 | _aeng | ||
| 082 | _a300.72 ANG | ||
| 100 | _aANG SIAH HWEE | ||
| 245 | _aRESEARCH DESIGN FOR BUSINESS AND MANAGEM | ||
| 260 |
_c2014 _aNew Delhi _bSage |
||
| 300 | _axvii, 314 p.; 23 cm. | ||
| 365 |
_cBPS _b32 |
||
| 999 |
_c29747 _d29747 |
||